00491nam a2200193 a 450000100060000000300090000600800410001502000150005604000280007108200090009910000220010824500250013026000330015530000090018849000280019765000430022594200120026899900170028019337CO-ViMGA141112s2004 ck r 000 u spa d a8474192439 aCO-ViMGAbspacCO-ViMGA04aGOSo1 aGoscinny, 92776310aLa Odisea de Asterix aBarcelona : bGrijalbo; 1991 a48 p aUna Aventura de Asterix14aCUENTOS INFANTILES DE AVENTURAS927764 2ddccBK c28494d28494